| 000 | 00989nam a22002537a 4500 | ||
|---|---|---|---|
| 005 | 20170124103048.0 | ||
| 010 | _aA-057637 | ||
| 020 | _c16.00 | ||
| 035 | _aA-057637 | ||
| 037 | _bCen Lib/Ret | ||
| 040 |
_aDPL _bHN |
||
| 082 |
_aक _bयात्रीसे |
||
| 100 |
_aयात्री, से.रा. _969679 |
||
| 245 |
_aअकर्मक क्रिया / _cसे.रा.यात्री |
||
| 246 |
_aAkarmak kriya / _bby S.R.Yatri |
||
| 260 |
_aदिल्ली _bनिधि प्रकाशन _c1981 |
||
| 270 |
_bदिल्ली _e110006 _a1590, मदरसा रोड, कश्मीरी गेट |
||
| 300 |
_a125पृ. _c17सेमी(सजिल्द) |
||
| 650 |
_aहिन्दी साहित्य _969680 |
||
| 650 |
_aहिन्दी -- लघु कथाएँ _945972 |
||
| 650 |
_aHindi literature _969681 |
||
| 650 |
_aHindi -- short stories _929625 |
||
| 942 |
_2ddc _cHN _hक _mयात्रीसे |
||
| 999 |
_c117033 _d117033 |
||